000 00336nam a2200145Ia 4500
008 151213s9999 xx 000 0 und d
100 _aIqbal Ahmed
245 _aBasic Labour Laws Bangladesh
_cIqbal Ahmed
260 _aDhaka
_c1996
300 _a2802 p.
650 _aLaw
650 _aLaw
700 _aIqbal Ahmed
999 _c1912
_d1912